01007cam a22002654a 4500090000600000001000900006005001700015008004100032010001700073020001500090040001800105050002400123082001900147100002200166245009100188260004500279300003700324490004500361504005100406650004200457856008100499942001200580999001700592952013200609 c01407762620070411082111.0050817s2007 inua b 001 0 eng  a 2005932409 a1587052539 aDLCcDLCdDLC00aTK5105.59b.D4 200700a005.8222bDEC1 aDe Capite, Duane.10aSelf-Defending Networks :bThe Next Generation of Network Security /cDuane De Capite. aIndianapolis, IN :bCisco Press,cc2007. axxiii, 239 p. :bill. ;c24 cm.0 aCisco Press networking technology series aIncludes bibliographical references and index. 0aComputer networksxSecurity measures.413Table of contents onlyuhttp://www.loc.gov/catdir/toc/fy0708/2005932409.html 2ddccBB c10495d10495 00102ddc40708AlahramaMAINbMAINcLOWd2009-01-28epurchaseg276.20h6464l0o005.8 DECp000014362r2025-07-15 00:00:00yBB